Nhìn vào việc đánh giá Vũ Trọng Phụng : Suy nghĩ về vấn đề đổi mới tư duy trong nghiên cứu văn học /
Guardado en:
| Autor principal: | |
|---|---|
| Formato: | Artículo |
| Lenguaje: | Vietnamese |
| Materias: | |
| Etiquetas: |
Agregar Etiqueta
Sin Etiquetas, Sea el primero en etiquetar este registro!
|
| Thư viện lưu trữ: | Thư viện Trường Đại học Đà Lạt |
|---|
| LEADER | 00860nam a2200265 4500 | ||
|---|---|---|---|
| 001 | DLU090067800 | ||
| 005 | ##20090409 | ||
| 040 | # | # | |a DLU |b vie |
| 041 | # | # | |a vie |
| 044 | # | # | |a vn |
| 100 | # | # | |a Lê Thị Đức Hạnh. |
| 245 | # | # | |a Nhìn vào việc đánh giá Vũ Trọng Phụng : |b Suy nghĩ về vấn đề đổi mới tư duy trong nghiên cứu văn học / |c Lê Thị Đức Hạnh |
| 653 | # | # | |a Phê bình văn học |
| 653 | # | # | |a Văn học hiện đại |
| 653 | # | # | |a Văn học trào phúng |
| 773 | # | # | |t Tạp chí văn học |g Số 1(235),1989, tr. 89-94 |
| 920 | # | # | |a Phòng Tạp chí -- Trung tâm Thông tin - Thư viện Trường Đại học Đà Lạt |
| 994 | # | # | |a DLU |
| 900 | # | # | |a True |
| 911 | # | # | |a Nguyễn Thị Linh Chi |
| 925 | # | # | |a G |
| 926 | # | # | |a A |
| 927 | # | # | |a BB |
| 980 | # | # | |a Thư viện Trường Đại học Đà Lạt |